Manual of minor oral surgery for the general dentist / (Record no. 22180)
[ view plain ]
| 000 -LEADER | |
|---|---|
| fixed length control field | 02320cam a22003735a 4500 |
| 001 - CONTROL NUMBER | |
| control field | 18627345 |
| 005 - DATE AND TIME OF LATEST TRANSACTION | |
| control field | 20160816121223.0 |
| 008 - FIXED-LENGTH DATA ELEMENTS--GENERAL INFORMATION | |
| fixed length control field | 150521s2016 njua frb 001 0 eng d |
| 010 ## - LIBRARY OF CONGRESS CONTROL NUMBER | |
| LC control number | 2015020371 |
| 020 ## - INTERNATIONAL STANDARD BOOK NUMBER | |
| International Standard Book Number | 9781118432150 (pbk.) |
| 020 ## - INTERNATIONAL STANDARD BOOK NUMBER | |
| International Standard Book Number | 1118432150 (pbk.) |
| 035 ## - SYSTEM CONTROL NUMBER | |
| System control number | (DNLM)101659319 |
| 040 ## - CATALOGING SOURCE | |
| Original cataloging agency | DNLM/DLC |
| Language of cataloging | eng |
| Transcribing agency | DLC |
| Modifying agency | EG-ScBUE |
| 042 ## - AUTHENTICATION CODE | |
| Authentication code | pcc |
| 060 10 - NATIONAL LIBRARY OF MEDICINE CALL NUMBER | |
| Classification number | WU 600 |
| 082 04 - DEWEY DECIMAL CLASSIFICATION NUMBER | |
| Edition number | 22 |
| Classification number | 617.605 |
| Item number | MAN |
| 245 00 - TITLE STATEMENT | |
| Title | Manual of minor oral surgery for the general dentist / |
| Statement of responsibility, etc | edited by Pushkar Mehra, Richard D'Innocenzo. |
| 250 ## - EDITION STATEMENT | |
| Edition statement | 2nd ed. |
| 260 ## - PUBLICATION, DISTRIBUTION, ETC. (IMPRINT) | |
| Place of publication, distribution, etc | Hoboken, New Jersey : |
| Name of publisher, distributor, etc | Wiley Blackwell, |
| Date of publication, distribution, etc | c.2016.. |
| 300 ## - PHYSICAL DESCRIPTION | |
| Extent | viii, 299 : |
| Other physical details | col. ill. ; |
| Dimensions | 24 cm. |
| 500 ## - GENERAL NOTE | |
| General note | Preceded by: Manual of minor oral surgery for the general dentist / edited by Karl R. Koerner. c2006. |
| 500 ## - GENERAL NOTE | |
| General note | Index : p. 295-299. |
| 504 ## - BIBLIOGRAPHY, ETC. NOTE | |
| Bibliography, etc | Includes bibliographical references. |
| 505 0# - FORMATTED CONTENTS NOTE | |
| Formatted contents note | Patient evaluation and history taking / Dale A. Baur, Andrew Bushey, and Diana Jee-Hyun Lyu -- Management of the patient with medical comorbidities / David W. Lui and David C. Stanton -- Minimal sedation for oral surgery and other dental procedures/ Kyle Kramer and Jeffrey Bennett -- Surgical extractions / Daniel Oreadi -- Third molar extractions / George Blakey -- Pre-prosthetic oral surgery / Antonia Kolokythas, Jason Jamali, and Michael Miloro -- Evaluation and biopsy technique for oral lesions / Marianela Gonzalez, Thomas C. Bourland, and Cesar A. Guerrero -- Surgical implantology / Alfonso Caiazzo and Frederico Brugnami -- Hard tissue augmentation for dental implants / Pamela Hughes -- Soft tissue surgery for dental implants / Hussam Batal -- Surgical crown lengthening / Serge Dibart -- Endodontic periradicular microsurgery / Louay Abrass -- Dentoaveloar trauma / Omar Abubaker and Din Lam -- Orofacial infections / Thomas R. Flynn -- Complications in minor oral surgery / Patrick J. Louis. |
| 650 #7 - SUBJECT ADDED ENTRY--TOPICAL TERM | |
| Topical term or geographic name as entry element | Oral Surgical Procedures |
| General subdivision | methods. |
| Source of heading or term | BUEsh |
| 9 (RLIN) | 40741 |
| 650 #7 - SUBJECT ADDED ENTRY--TOPICAL TERM | |
| Topical term or geographic name as entry element | Minor Surgical Procedures |
| General subdivision | methods. |
| Source of heading or term | BUEsh |
| 9 (RLIN) | 40761 |
| 650 #7 - SUBJECT ADDED ENTRY--TOPICAL TERM | |
| Topical term or geographic name as entry element | Dentistry, Operative. |
| 9 (RLIN) | 30617 |
| 650 #7 - SUBJECT ADDED ENTRY--TOPICAL TERM | |
| Topical term or geographic name as entry element | Mouth |
| General subdivision | Surgery. |
| 9 (RLIN) | 36856 |
| 651 ## - SUBJECT ADDED ENTRY--GEOGRAPHIC NAME | |
| Source of heading or term | BUEsh |
| 653 ## - INDEX TERM--UNCONTROLLED | |
| Resource For college | |
| Arrived date list | August 2016 |
| 700 1# - ADDED ENTRY--PERSONAL NAME | |
| Personal name | Mehra, Pushkar |
| Relator term | editor. |
| 9 (RLIN) | 40759 |
| 700 1# - ADDED ENTRY--PERSONAL NAME | |
| Personal name | D'Innocenzo, Richard |
| Relator term | editor. |
| 9 (RLIN) | 40760 |
| 942 ## - ADDED ENTRY ELEMENTS (KOHA) | |
| Source of classification or shelving scheme | Dewey Decimal Classification |
| Edition | 22 |
| Call number prefix | 617.605 MAN |
| Withdrawn status | Item status | Source of classification or shelving scheme | Damaged status | Not for loan | Vendor | Home library | Current library | Shelving location | Date acquired | Source of acquisition | Cost, normal purchase price | Serial Enumeration / chronology | Total Checkouts | Total Renewals | Full call number | Barcode | Date last seen | Date last borrowed | Cost, replacement price | Koha item type |
|---|---|---|---|---|---|---|---|---|---|---|---|---|---|---|---|---|---|---|---|---|
| Dewey Decimal Classification | Academic Bookshop | Central Library | Central Library | First floor | 16/08/2016 | Purchase | 840.00 | 9126 | 2 | 61 | 617.605 MAN | 000033197 | 15/07/2025 | 22/11/2020 | 1050.00 | Book - Borrowing |